000 01139nam a2200313 i 4500
001 000020193
003 DO-SdBNP
005 20240318104930.0
007 ta
008 100727s1970 dr r 000 0 spa d
040 _aDO-SdBNP
_bspa
_cBNPHU
_erda
082 4 _a917.293
_bR696r
_222
100 1 _aRodríguez Demorizi, Emilio,
_d1908-1986
_91039
_eautor
245 1 0 _aRelaciones geográficas de Santo Domingo /
_cEmilio Rodríguez Demorizi.
264 _aSanto Domingo :
_bEditora del Caribe,
_c1970.
300 _a2v. ;
_c24 cm.
336 _2rdacontent
_atexto
_btxt
337 _2rdamedia
_asin mediación
_bn
338 _2rdacarrier
_avolumen
_bnc
490 0 _aSociedad Dominicana de Geografía
_v1, 12
500 _aIncluye índice de personas, lugares y materias
500 _aIncluye referencias bibliográficas y notas al pie de las páginas
505 0 _av.1
_tEditora el caribe--
_gv.2--
_tEditora taller--
590 _aInventariado, 2019/BT
650 4 _aRepública Dominicana
_xGeografía
_931908
650 4 _aHaití
_xGeografía
_978688
910 _aBtavárez /Validado. Control de calidad MFF
942 _2ddc
_cLBS1
999 _c19700
_d19700